365 phát hiện và phát minh ấn tượng trong lịch sử nhân loại

Quyển sách giới thiệu 365 phát hiện và phát minh góp phần làm thay đổi cuộc sống loài người từ thời cổ xưa đến nay như: Công cụ bằng đá, lửa, bè, muối tinh, giày, bánh xe, đạn, mũ, bàn là...

محفوظ في:
التفاصيل البيبلوغرافية
مؤلف مشترك: Om books Ấn Độ
مؤلفون آخرون: Ngọc Ưu (Dịch)
التنسيق: كتاب
اللغة:Vietnamese
منشور في: H. Mỹ thuật 2022
الطبعة:In lần thứ 2
الموضوعات:
الوسوم: إضافة وسم
لا توجد وسوم, كن أول من يضع وسما على هذه التسجيلة!
Thư viện lưu trữ: Thư viện Trường Đại học Nam Cần Thơ
LEADER 01137nam a22002177a 4500
001 NCT_4_011063
008 240618b xxu||||| |||| 00| 0 vie d
999 |c 8506  |d 8506 
020 |a 9786043277227  |c 220000 
082 0 4 |2 23rd ed.  |a 608  |b B100T 
245 0 0 |a 365 phát hiện và phát minh ấn tượng trong lịch sử nhân loại  |c Om books; Ngọc Ưu (Dịch) 
250 |a In lần thứ 2 
260 |a H.  |b Mỹ thuật  |c 2022 
300 |a 235 tr.  |b Minh họa  |c 27cm 
520 3 |a Quyển sách giới thiệu 365 phát hiện và phát minh góp phần làm thay đổi cuộc sống loài người từ thời cổ xưa đến nay như: Công cụ bằng đá, lửa, bè, muối tinh, giày, bánh xe, đạn, mũ, bàn là... 
653 |a Tham khảo 
700 1 |a Ngọc Ưu  |e Dịch 
710 1 |a Om books  |b Ấn Độ 
942 |2 ddc  |c BK 
952 |0 0  |1 0  |2 ddc  |4 0  |6 608_000000000000000_B100T  |7 0  |9 29199  |a 000001  |b 000001  |d 2024-06-18  |o 608 B100T  |p TK.04384  |r 2024-06-18  |v 220000.00  |w 2024-06-18  |y BK 
980 |a Thư viện Trường Đại học Nam Cần Thơ